=LDR 00000nam 2200000 4500 =001 INLIS000000000018993 =005 20201005093223 =035 ##$$a 0010-061300000018993 =008 201005################g##########0#ind## =041 ##$$a Ind =082 ##$$a 306.095 986 2 =090 ##$$a 306.095 986 2, Pen p =245 1#$$a Pengaruh migrasi Penduduk terhadap perkembangan kebudayaan daerah Sulawesi Tengah /$c P. Wayong =260 ##$$a Jakarta :$b Depdikbud,$c 1979 =300 ##$$a xv, 208 hlm : $b Ilus ; $c 23 x 15 cm =650 #4$$a Kebudayaan Daerah =850 ##$$a NBPNMAT =084 ##$$a 306.095 986 2 PEN p =100 #$$a Pengaruh migrasi terhadap perkembangan kebudayaan daerah Sulawesi Tengah =504 ##$$a Bibliografi: halaman 187 =990 ##$$a 43.392/Hd.92 =990 ##$$a 43.395/Hd.92 =990 ##$$a 43.391/Hd.92 =990 ##$$a 43.393/Hd.92 =990 ##$$a 43.549/Hd.92